000
00243 a2200097 4500
001
16658
100
_a
Caidin Martin
245
_a
Vanguard' the story of the 1st man mode satellite
260
_a
New York
_b
E.P Dutton
_c
090
_c
12558
_d
12558
942
_a
NUST-CAE
_c
M
_c
2845
999
_c
251731
_d
251731